000 004660000a22001690004500
003 MACL
005 20151222120500.0
008 151222b xxu||||| |||| 00| 0 eng d
040 _aMACL
_cMACL
041 _aEnglish
082 _a284.55/BHA
100 _aPrabhupada, A C Bhaktivedanta Swami
_921757
245 _aSri Caitanya Caritamrta
_bVol 7
260 _bThe Bhaktivedanta book Trust
_c1975
_aAmerica
650 _aReligion
_921758
942 _cBK
_k294.55/BHA
_2ddc
999 _c40709
_d40709